MARC details
| 000 -LEADER |
| fixed length control field |
00712cam a2200241 i 4500 |
| 001 - CONTROL NUMBER |
| control field |
19281284 |
| 005 - DATE AND TIME OF LATEST TRANSACTION |
| control field |
20250206054018.0 |
| 008 - FIXED-LENGTH DATA ELEMENTS--GENERAL INFORMATION |
| fixed length control field |
160921s2015 ce b 000 0 eng |
| 020 ## - INTERNATIONAL STANDARD BOOK NUMBER |
| ISBN |
9789558695081 |
| 040 ## - CATALOGING SOURCE (பட்டியலாக்க மூலம்) |
| Original cataloging agency |
DLC |
| Language of cataloging |
eng |
| Description conventions |
rda |
| Transcribing agency |
DLC |
| Modifying agency |
DLC |
| 082 ## - DDC Classification |
| DDC Edition Number |
6918 |
| Class No. |
305.4 |
| Item Number - Author Mark |
WIJ |
| 100 1# - MAIN ENTRY--PERSONAL NAME |
| Personal name |
Wijewardene, S |
| 100 1# - MAIN ENTRY--PERSONAL NAME |
| Personal name |
Samuel, K |
| 245 10 - TITLE STATEMENT |
| Title |
3D Things: |
| Remainder of title |
Devices, Technologies, and Women's Organising in Sri Lanka |
| 260 ## - PUBLICATION, DISTRIBUTION, ETC. |
| Place of publication, distribution, etc. |
Batticaloa |
| Name of publisher, distributor, etc. |
Suriya Women's Development Centre (SWDC) |
| Date of publication, distribution, etc. |
2015 |
| 260 ## - PUBLICATION, DISTRIBUTION, ETC. |
| Place of publication, distribution, etc. |
Colombo |
| Name of publisher, distributor, etc. |
International Centre for Ethnic Studies |
| Date of publication, distribution, etc. |
2015 |
| 300 ## - PHYSICAL DESCRIPTION |
| Extent (e.g. Volumes, Pages etc.) |
v, 160 p., |
| 650 #0 - SUBJECT ADDED ENTRY--TOPICAL TERM |
| Topical term or geographic name entry element |
Women |
| 650 #0 - SUBJECT ADDED ENTRY--TOPICAL TERM |
| Topical term or geographic name entry element |
Women in development |
| 650 #0 - SUBJECT ADDED ENTRY--TOPICAL TERM |
| Topical term or geographic name entry element |
Technology |
| 650 #0 - SUBJECT ADDED ENTRY--TOPICAL TERM |
| Topical term or geographic name entry element |
Women's rights |
| 942 ## - Koha item type (Biblio) |
| Koha item type |
Books in Stacks (Lending) |